00000000nam##2200000za#4500
0019.643088
003CaOODSP
00520210624224016
007cr |||||||||||
008150407|2003||||xxc|||||o    f|0| 0 fre|d
040 |aCaOODSP|bfre
043 |an-cn---
0861 |aCW66-396/2003F-PDF
1102 |aService canadien de la faune.
24510|aSolutions de conservation - les servitudes de conservation comme dons écologiques |h[ressource électronique]
260 |aDownsview - Ontario : |bEnvironnement Canada. |cMars 2003.
300 |a4p.|bphotographies
590 |a14-21-Supp|b2014-12-11
69107|aConservation de l'environnement|2gcpds
69107|aDon|2gcpds
77508|tConservation options - conservation easements as ecological gifts |w(CaOODSP)9.699050
85640|ahttp://publications.gc.ca|qPDF|s196 Ko|uhttps://publications.gc.ca/collections/collection_2014/ec/CW66-396-2003-fra.pdf